000 00277nam a2200121Ia 4500
008 190216s9999||||xx |||||||||||||| ||und||
100 _aSuresh G
245 0 _aLaw Of Sales Tax In Kerals
260 _bAs Prakashan
_c1992
300 _a670p
650 _aCommerce
942 _cREF
999 _c36156
_d36156